• 首页
  • 本馆介绍
  • 公告通知
  • 最新文献
  • 馆藏检索
  • 电子资源
  • 读者导购
  • 参考咨询
  • 我的图书馆
  • 登录
  • 详细信息显示
  • 放入我的书架
  • 预约/预借图书
  • 作者相关作品
  • 分类相关作品
  • 丛书相关作品
  • 出版社相关作品

书目信息

  • 表格格式
  • 工作单格式
  • 卡片格式
题名:
影视声音艺术
    
 
作者: 李南 著
分册:  
出版信息: 北京   中国广播电视出版社  2001
页数: 281页
开本: 20cm
丛书名: 影视传播艺术与技术丛书
单 册:
中图分类: J915
科图分类:
主题词: 电影--应用声学 , 电视--艺术--应用声学
电子资源:
ISBN: 7-5043-3876-1
000 00649nam0 2200229 45
001 0304141570
005 20031219104109.3
010    @a7-5043-3876-1@dCNY17.00
100    @a20030414d2001 km y0chiy0120 ea
101 0  @achi
105    @a z 000yy
200 1  @a影视声音艺术@AYing Shi Sheng Yin Yi Shu@f李南著@FLi Nan Zhu
210    @a北京@c中国广播电视出版社@d2001
215    @a281页@d20cm
225    @a影视传播艺术与技术丛书
410    @12001 @a影视传播艺术与技术丛书
606 0  @a电影@x应用声学
606 0  @a电视@x艺术@x应用声学
690    @aJ915@v4
701  0 @a李南@4著
801    @aCN@bTSTC@c20030414
905    @b322628-632@dJ915@e89@f5
    
    影视声音艺术/李南著.-北京:中国广播电视出版社,2001
    281页;20cm.-(影视传播艺术与技术丛书)
    
    
    ISBN 7-5043-3876-1:CNY17.00
    
●
相关链接 在E读中查询图书 在五车中查询图书 在当当中查询图书 在豆瓣中查询图书


正题名:影视声音艺术     索取号:J915/89         预约/预借

序号 登录号 条形码 馆藏地/架位号 状态 备注
1 0322628   203226286   第一借阅区/ [索取号:J915/89] 在馆    
2 0322629   203226295   第一借阅区/ [索取号:J915/89] 在馆    
3 0322630   203226302   第一借阅区/ [索取号:J915/89] 在馆    
4 0322631   203226311   第一借阅区/ [索取号:J915/89] 在馆    
5 0322632   203226320   第一样本阅览室/ [索取号:J915/89] 在馆    
唐山师范学院图书馆 欢迎您!
大连网信软件有限公司© 版权所有